00895nam a2200193 a 450000100100000000500170001000800410002702000150006804000250008310000370010824502210014526000990036630000210046550400280048670000360051470000290055095201050057999900170068400004199720201002035856.0131029s1989 sp 000 0 spa d a8400069501 aDO-SdBNPbspacBNPHU1 aGarcía Arenal, Mercedes96753010aRepertorio Bibliográfico de las Relaciones entre la Península Ibérica y el Norte de África. :b(siglos XV-XVI), fuentes y bibliografía /cMercedes García Arenal, Miguel Ángel de Bunes, Victoria Aguilar. aMadrid, :bConsejo Superior de Investigaciones CientíficasbInstituto de Filología,c1989. a303 p. ;c24 cm. aBibliografía p: 75-841 aBunes, Miguel Ángel de9689381 aAguilar, Victoria968939 001050718MOaGRbGRcCTd2013-10-29iLF1l0o p41997-10r2020-06-25w2020-06-25y1ZNo se presta c41486d41486